Milk and dairy products : properties and processing /

Guardado en:
Autor Principal: Rosenthal, Ionel.
Formato: Libro
Idioma:English
Publicado: Weinheim, Federal Republic of Germany : Rehovot, Israel : VCH ; Balaban Publishers, c1991.
Materias:
Etiquetas: Agregar Etiqueta
Sin Etiquetas, Sea el primero en etiquetar este registro!
LEADER 01046pam a22002895a 4500
001 EIQ.libpla001488
008 910607s1991####gw#a#####b####001#0#eng#d
005 20061024183752.0
245 1 0 |a Milk and dairy products :  |b properties and processing /  |c Ionel Rosenthal. 
260 |a Weinheim, Federal Republic of Germany :  |b VCH ;  |a Rehovot, Israel :  |b Balaban Publishers,  |c c1991. 
300 |a xi, 217 p. :  |b il. ;  |c 25 cm. 
504 |a Incluye referencias bibliográficas (p. 6) e índice. 
020 |a 352727989X (VCH, Weinheim) 
020 |a 0895739380 (VCH, New York) 
100 1 |a Rosenthal, Ionel. 
082 0 0 |a 637  |2 20 
650 4 |a Productos lácteos  |x Propiedades. 
650 4 |a Productos lácteos  |x Procesamiento. 
650 4 |a Leche  |x Procesamiento. 
650 4 |a Leche  |x Propiedades. 
650 4 |a Milk  |x Properties. 
650 4 |a Milk  |x Processing. 
650 4 |a Dairy products  |x Properties. 
650 4 |a Dairy products  |x Processing. 
010 |a  91023856  
040 |a DLC  |c DLC  |d AR-BbSID 
859 |a AR-BbSID  |b BIB. PLAPIQUI  |h 637  |i R 72  |p 3981